[Event "Stay Safe Play From Home 294"]
[Site "Emanuel Lasker Arena"]
[Date "2020.07.10"]
[Round "1"]
[White "Lazieri3"]
[Black "Dukic"]
[Result "1-0"]
[WhiteElo "2206"]
[BlackElo "1846"]
[Annotator "TA"]
[PlyCount "53"]
[EventDate "2020.07.10"]
[EventType "swiss (blitz)"]

{[%evp 9,53,61,63,29,84,22,32,26,34,12,72,-1,0,-65,118,-138,-153,-138,-97,-147,-151,-166,-125,-132,-125,-145,-92,-137,-53,-48,-40,-61,-25,-16,-8,-17,-8,-39,0,-3,-4,-8,7,0,0,4]} 1. e4 c6 2. d4 d6 3. Nf3 Bg4 4. Be2 Nd7 5. h3 Bh5 6. c3 {B12: Caro-Kann: Advance Variation.} e5 (6... Ngf6 $11 {keeps the balance.}) 7. Be3 (7. Qb3 $16) 7... Ngf6 $11 8. Nbd2 {White is slightly better.} Be7 9. O-O O-O {[#]} (9... exd4 $11 10. Bxd4 (10. Nxd4 Bg6 $11) 10... O-O) 10. Nh2 $146 ({White should play} 10. g4 $16 Bg6 11. Nh4) ({Predecessor:} 10. Bg5 Re8 11. dxe5 dxe5 12. Nh4 Bg6 13. Bxf6 Nxf6 14. Nxg6 hxg6 15. Qc2 Qc7 16. Nf3 {1-0 (44) Gottsmann,L (2013)-Gottwald,B (1854) Remote email 2014}) 10... Bg6 11. f3 (11. dxe5 $11 dxe5 12. f3) 11... d5 $2 {[#]} (11... Nh5 $15 {stays ahead.}) 12. exd5 $2 {[%mdl 8192]} (12. dxe5 $1 $16 {is forced if you want to stay better.} Nh5 13. f4) 12... Nxd5 $17 13. Bf2 Bg5 14. Nc4 exd4 15. Qxd4 Re8 16. Rfe1 Qc7 17. Ng4 Bf4 (17... b5 $142 18. Na3 Nf4) 18. Bd3 {[#]} b5 (18... h5 $1 $17 {White must now prevent ...Bxd3.} 19. Bxg6 hxg4) 19. Bxg6 $15 hxg6 20. Nce3 N7b6 (20... N5b6 $5 {[%cal Rf7f5]} 21. Nc2 Nf8 $15) 21. Nxd5 Nxd5 22. Ne3 Nb6 23. Nc2 Rxe1+ 24. Rxe1 {The position is equal.} Rd8 25. Qe4 Nc4 26. b3 Nb6 27. Nd4 {[%mdl 32768] Whites escaped into a draw. Accuracy: White = 47%, Black = 46%. . Loss on time!?} 1-0

[Event "Stay Safe Play From Home 294"]
[Site "Emanuel Lasker Arena"]
[Date "2020.07.10"]
[Round "1"]
[White "Haxhi Baha"]
[Black "Grizzzly"]
[Result "1-0"]
[WhiteElo "2051"]
[BlackElo "1749"]
[PlyCount "57"]
[EventDate "2020.07.10"]
[EventType "swiss (blitz)"]

1. e4 {[%emt 0:00:05]} e6 {[%emt 0:00:03]} 2. d4 {[%emt 0:00:02]} d5 {[%emt 0:00:01]} 3. exd5 {[%emt 0:00:00]} exd5 {[%emt 0:00:01]} 4. Nf3 {[%emt 0:00:00]} c6 {[%emt 0:00:01]} 5. Bd3 {[%emt 0:00:03]} Bg4 {[%emt 0:00:04]} 6. O-O {[%emt 0:00:01]} Nf6 {[%emt 0:00:06]} 7. Re1+ {[%emt 0:00:01]} Be7 {[%emt 0:00:01]} 8. Qe2 {[%emt 0:00:02]} Bxf3 {[%emt 0:00:31]} 9. gxf3 {[%emt 0:00:01]} Nbd7 {[%emt 0:00:46]} 10. b3 {[%emt 0:00:01]} Nf8 {[%emt 0:00:02]} 11. f4 {[%emt 0:00:07]} Qd7 {[%emt 0:00:11]} 12. Ba3 {[%emt 0:00:06]} Ng8 {[%emt 0:00:14]} 13. Nc3 {[%emt 0:00:29]} O-O-O {[%emt 0:00:33]} 14. Bxe7 {[%emt 0:00:12]} Re8 {[%emt 0:00:01]} 15. Nxd5 {[%emt 0:00:26]} Qxd5 {[%emt 0:00:10]} 16. Qg4+ {[%emt 0:00:04]} Ne6 {[%emt 0:00:18]} 17. Bc4 {[%emt 0:00:25]} Qd7 {[%emt 0:00:25]} 18. Bc5 {[%emt 0:00:03]} Nxc5 {[%emt 0:00:03]} 19. Qxg7 {[%emt 0:00:03]} Rxe1+ {[%emt 0:00:02]} 20. Rxe1 {[%emt 0:00:02]} Ne7 {[%emt 0:00:04]} 21. Qxh8+ {[%emt 0:00:03]} Kc7 {[%emt 0:00:01]} 22. Qe5+ {[%emt 0:00:04]} Kc8 {[%emt 0:00:01]} 23. Qxc5 {[%emt 0:00:30]} Qg4+ {[%emt 0:00:02]} 24. Kf1 {[%emt 0:00:01]} Qh3+ {[%emt 0:00:01]} 25. Ke2 {[%emt 0:00:01]} Qg4+ {[%emt 0:00:00]} 26. Kd2 {[%emt 0:00:02]} Qxf4+ {[%emt 0:00:01]} 27. Kc3 {[%emt 0:00:02]} Qf3+ {[%emt 0:00:01]} 28. Kb2 {[%emt 0:00:02]} Qxf2 {[%emt 0:00:02]} 29. Rxe7 {[%emt 0:00:03] Grizzzly gibt auf (Lag: Av=0.72s, max=2.0s)} 1-0

[Event "Stay Safe Play From Home 294"]
[Site "Emanuel Lasker Arena"]
[Date "2020.07.10"]
[Round "1"]
[White "Haris kollari 13"]
[Black "Maxe11"]
[Result "1-0"]
[WhiteElo "1942"]
[BlackElo "1741"]
[Annotator "NA"]
[PlyCount "111"]
[EventDate "2020.07.10"]
[EventType "swiss (blitz)"]

1. e4 {[%emt 0:00:02]} e6 {[%emt 0:00:01]} 2. f4 {[%emt 0:00:01]} d5 {[%emt 0:00:02]} 3. e5 {[%emt 0:00:00]} c5 {[%emt 0:00:01]} 4. c3 {[%emt 0:00:01]} Nc6 {[%emt 0:00:01]} 5. b3 {[%emt 0:00:02]} Qb6 {[%emt 0:00:02]} 6. Nf3 {[%emt 0:00:01]} g6 {[%emt 0:00:02]} 7. Bb2 {[%emt 0:00:01]} Be7 {[%emt 0:00:02]} 8. Bd3 {[%emt 0:00:01]} h5 {[%emt 0:00:02]} 9. Bc2 {[%emt 0:00:04]} Nh6 {[%emt 0:00:01]} 10. h3 {[%emt 0:00:02]} h4 {[%emt 0:00:08]} 11. O-O {[%emt 0:00:02]} Bd7 {[%emt 0:00:03]} 12. Kh1 {[%emt 0:00:01]} O-O-O {[%emt 0:00:04]} 13. a4 {[%emt 0:00:02]} Nf5 {[%emt 0:00:06]} 14. Bxf5 {[%emt 0:00:07]} gxf5 {[%emt 0:00:02]} 15. Na3 {[%emt 0:00:03]} a6 {[%emt 0:00:02]} 16. Rb1 {[%emt 0:00:04]} Rdg8 {[%emt 0:00:04]} 17. Qe2 {[%emt 0:00:03]} Rg3 {[%emt 0:00:06]} 18. Bc1 {[%emt 0:00:16]} Rhg8 {[%emt 0:00:03]} 19. Rf2 {[%emt 0:00:01]} d4 {[%emt 0:00:19]} 20. c4 {[%emt 0:00:06]} Nb4 {[%emt 0:00:04]} 21. d3 {[%emt 0:00:04]} Bc6 {[%emt 0:00:02]} 22. Ng5 {[%emt 0:00:22]} Nxd3 {[%emt 0:00:15]} 23. Rf3 {[%emt 0:00:13]} Bxf3 {[%emt 0:00:07]} 24. Nxf3 {[%emt 0:00:02]} Nxc1 {[%emt 0:00:10]} 25. Rxc1 {[%emt 0:00:02]} Qc6 {[%emt 0:00:01]} 26. Rc2 {[%emt 0:00:13]} Qe4 {[%emt 0:00:11]} 27. Rd2 {[%emt 0:00:28]} Qxf4 {[%emt 0:00:07]} 28. Nc2 {[%emt 0:00:06]} b6 {[%emt 0:00:31]} 29. Nce1 {[%emt 0:00:02]} Qe3 {[%emt 0:00:05]} 30. Qxe3 {[%emt 0:00:09]} dxe3 {[%emt 0:00:01]} 31. Rd3 {[%emt 0:00:03]} f4 {[%emt 0:00:02]} 32. Kh2 {[%emt 0:00:06]} Rd8 {[%emt 0:00:03]} 33. Rxd8+ {[%emt 0:00:03]} Kxd8 {[%emt 0:00:02]} 34. Nd3 {[%emt 0:00:01]} e2 {[%emt 0:00:08]} 35. Kg1 {[%emt 0:00:07]} f6 {[%emt 0:00:05]} 36. exf6 {[%emt 0:00:09]} Bxf6 {[%emt 0:00:01]} 37. Kf2 {[%emt 0:00:01]} Bd4+ {[%emt 0:00:04]} 38. Nxd4 {[%emt 0:00:06]} cxd4 {[%emt 0:00:05]} 39. Nxf4 {[%emt 0:00:01]} Re3 {[%emt 0:00:03]} 40. Nxe2 {[%emt 0:00:07]} Rxe2+ {[%emt 0:00:02]} 41. Kxe2 {[%emt 0:00:02]} e5 {[%emt 0:00:01]} 42. Kd2 {[%emt 0:00:04]} Ke7 {[%emt 0:00:01]} 43. b4 {[%emt 0:00:01]} e4 {[%emt 0:00:02]} 44. Ke2 {[%emt 0:00:01]} Kd6 {[%emt 0:00:01]} 45. Kd2 {[%emt 0:00:01]} a5 {[%emt 0:00:01]} 46. c5+ {[%emt 0:00:14]} bxc5 {[%emt 0:00:02]} 47. b5 {[%emt 0:00:01]} c4 {[%emt 0:00:03]} 48. Ke2 {[%emt 0:00:01]} c3 {[%emt 0:00:02]} 49. Kd1 {[%emt 0:00:04]} Kc5 {[%emt 0:00:01]} 50. Kc2 {[%emt 0:00:01]} Kd5 {[%emt 0:00:03]} 51. Kb3 {[%emt 0:00:03]} e3 {[%emt 0:00:02]} 52. Kc2 {[%emt 0:00:01]} Ke4 {[%emt 0:00:02]} 53. b6 {[%emt 0:00:01]} d3+ {[%emt 0:00:02]} 54. Kxc3 {[%emt 0:00:04]} d2 {[%emt 0:00:05]} 55. Kc2 {[%emt 0:00:01]} Kf4 {[%emt 0:00:03]} 56. b7 {[%emt 0:00:01] Maxe11 gibt auf (Lag: Av=0.40s, max=1.3s)} 1-0

[Event "Stay Safe Play From Home 294"]
[Site "Emanuel Lasker Arena"]
[Date "2020.07.10"]
[Round "1"]
[White "Patzeroglu"]
[Black "Klasman"]
[Result "1-0"]
[WhiteElo "1916"]
[BlackElo "1624"]
[PlyCount "61"]
[EventDate "2020.07.10"]
[EventType "swiss (blitz)"]

1. e4 {[%emt 0:00:03]} f5 {[%emt 0:00:02]} 2. exf5 {[%emt 0:00:05]} Nf6 {[%emt 0:00:01]} 3. d4 {[%emt 0:00:01]} d5 {[%emt 0:00:01]} 4. Bd3 {[%emt 0:00:01]} e6 {[%emt 0:00:02]} 5. fxe6 {[%emt 0:00:04]} Bd6 {[%emt 0:00:01]} 6. Bg5 {[%emt 0:00:03]} O-O {[%emt 0:00:02]} 7. Nd2 {[%emt 0:00:03]} Nc6 {[%emt 0:00:01]} 8. Ne2 {[%emt 0:00:03]} Bxe6 {[%emt 0:00:01]} 9. c3 {[%emt 0:00:05]} Bg4 {[%emt 0:00:06]} 10. h3 {[%emt 0:00:05]} Bh5 {[%emt 0:00:02]} 11. Qc2 {[%emt 0:00:05]} Qd7 {[%emt 0:00:10]} 12. O-O-O {[%emt 0:00:09]} h6 {[%emt 0:00:04]} 13. Bxf6 {[%emt 0:00:02]} Rxf6 {[%emt 0:00:01]} 14. g4 {[%emt 0:00:05]} Bf7 {[%emt 0:00:07]} 15. f4 {[%emt 0:00:02]} Bxf4 {[%emt 0:00:05]} 16. Nxf4 {[%emt 0:00:00]} Rxf4 {[%emt 0:00:02]} 17. Rhf1 {[%emt 0:00:01]} Rxf1 {[%emt 0:00:05]} 18. Rxf1 {[%emt 0:00:00]} Re8 {[%emt 0:00:01]} 19. Nf3 {[%emt 0:00:01]} Qe6 {[%emt 0:00:04]} 20. Kb1 {[%emt 0:00:07]} Qd6 {[%emt 0:00:16]} 21. a3 {[%emt 0:00:05]} a6 {[%emt 0:00:03]} 22. Ka1 {[%emt 0:00:14]} b5 {[%emt 0:00:02]} 23. Bh7+ {[%emt 0:00:17]} Kh8 {[%emt 0:00:03]} 24. Ne5 {[%emt 0:00:03]} Nxe5 {[%emt 0:00:03]} 25. dxe5 {[%emt 0:00:02]} Qxe5 {[%emt 0:00:02]} 26. Rxf7 {[%emt 0:00:03]} Qe1+ {[%emt 0:00:18]} 27. Ka2 {[%emt 0:00:03]} c5 {[%emt 0:00:02]} 28. Bg6 {[%emt 0:00:07]} b4 {[%emt 0:00:03]} 29. Qf2 {[%emt 0:00:12]} Qxf2 {[%emt 0:00:24]} 30. Rxf2 {[%emt 0:00:00]} bxc3 {[%emt 0:00:05]} 31. Bxe8 {[%emt 0:00:04] Klasman resigns (Lag: Av=1.32s, max=2.0s)} 1-0

[Event "Stay Safe Play From Home 294"]
[Site "Emanuel Lasker Arena"]
[Date "2020.07.10"]
[Round "1"]
[White "Tunca"]
[Black "Position"]
[Result "0-1"]
[WhiteElo "1783"]
[BlackElo "2180"]
[Annotator "TA"]
[PlyCount "66"]
[EventDate "2020.07.10"]
[EventType "swiss (blitz)"]

{[%evp 19,66,0,0,-22,-25,-35,21,17,29,30,25,0,46,0,0,0,0,-44,-9,-12,58,-12,48,-8,43,-39,-38,-43,0,0,34,33,35,-60,-57,-125,-83,-202,-204,-209,-207,-192,-198,-470,-460,-498,-487,-539,-519]} 1. e4 c5 2. Nf3 d6 3. d4 cxd4 4. Nxd4 a6 5. Nc3 Nf6 6. Be2 e5 7. Nb3 Be6 8. Be3 Be7 9. O-O O-O 10. Qd2 Nbd7 11. f4 {B92: Sicilian Najdorf: 6 Be2.} b5 12. f5 Bxb3 (12... Bc4 $15) 13. axb3 $11 {[#] The position is equal.} b4 $146 ({Predecessor:} 13... Qc7 14. b4 Rfc8 15. g4 h6 16. Rfd1 Qb7 17. Bf3 Nb6 18. Qg2 Nc4 19. Bc1 Nh7 {0-1 (46) Wei,Y (2286)-Gabuzyan,H (2394) Moscow 2011}) 14. Nd5 Nxd5 15. Qxd5 a5 (15... Nf6 $5 {[%cal Rf6d5]} 16. Qd3 d5 $11) 16. Rfd1 Nf6 17. Qb5 Qc7 18. Bd3 (18. Qc4 {looks sharper.} Qb7 19. Qd3 Rfc8 20. Bf3 Rc6 21. Rd2) 18... Rfb8 (18... d5 {feels hotter.} 19. exd5 e4 20. Qc4 Qb8 21. Be2 Bd6) 19. Qc4 $1 {[%cal Rc4c7]} Qxc4 (19... Qd7 $11) 20. bxc4 (20. Bxc4 $14 Ng4 21. Bc1) 20... h6 (20... Ng4 $11 21. Bc1 a4) 21. h3 (21. Ra4 $14) 21... Nd7 (21... a4 $11) 22. Be2 ({White should try} 22. b3 $14) 22... a4 $15 23. Ra2 b3 (23... a3 {with more complications.} 24. Kf2 g6 25. Bf3 Kg7 26. bxa3 Ra4) 24. cxb3 axb3 25. Rxa8 Rxa8 26. Bd2 (26. Rd3 $14) 26... Nc5 $36 {[%mdl 2048] Black is pushing.} 27. Bf3 (27. Be3 $15) 27... Ra2 28. Bc3 {[#]} (28. Rb1 $17) 28... Na4 $1 $19 {[%cal Ra4c3]} 29. Rb1 Nxc3 30. bxc3 b2 {And now ...Ra1! would win.} 31. Kh2 $2 (31. Kf2 {was worth a try.}) 31... Bg5 {Black is clearly winning.} 32. Bd1 {intending Bb3.} Bc1 33. Bc2 Ra3 {Accuracy: White = 33%, Black = 54%.} 0-1

[Event "Stay Safe Play From Home 294"]
[Site "Emanuel Lasker Arena"]
[Date "2020.07.10"]
[Round "1"]
[White "Edmatuag"]
[Black "Don59as"]
[Result "0-1"]
[WhiteElo "1746"]
[BlackElo "1998"]
[Annotator "NA"]
[PlyCount "40"]
[EventDate "2020.07.10"]
[EventType "swiss (blitz)"]

1. e4 {[%emt 0:00:01]} e5 {[%emt 0:00:02]} 2. Nf3 {[%emt 0:00:01]} Nc6 {[%emt 0:00:01]} 3. Bb5 {[%emt 0:00:02]} f5 {[%emt 0:00:02]} 4. exf5 {[%emt 0:00:03]} e4 {[%emt 0:00:08]} 5. Bxc6 {[%emt 0:00:03]} dxc6 {[%emt 0:00:01]} 6. Ne5 {[%emt 0:00:07]} Bxf5 {[%emt 0:00:07]} 7. d4 {[%emt 0:00:03]} Nf6 {[%emt 0:00:02]} 8. Be3 {[%emt 0:00:06]} Bd6 {[%emt 0:00:05]} 9. Nc4 {[%emt 0:00:05]} O-O {[%emt 0:00:03]} 10. Nxd6 {[%emt 0:00:03]} Qxd6 {[%emt 0:00:08]} 11. c4 {[%emt 0:00:02]} Ng4 {[%emt 0:00:17]} 12. Qb3 {[%emt 0:00:13]} Kh8 {[%emt 0:00:16]} 13. c5 {[%emt 0:00:10]} Qg6 {[%emt 0:00:08]} 14. g3 {[%emt 0:00:18]} Be6 {[%emt 0:00:08]} 15. Qc3 {[%emt 0:00:10]} Qf5 {[%emt 0:00:09]} 16. Nd2 {[%emt 0:00:07]} Nxf2 {[%emt 0:00:08]} 17. Rf1 {[%emt 0:00:15]} Nd3+ {[%emt 0:00:03]} 18. Kd1 {[%emt 0:00:01]} Qxf1+ {[%emt 0:00:36]} 19. Nxf1 {[%emt 0:00:03]} Rxf1+ {[%emt 0:00:00]} 20. Kc2 {[%emt 0:00:10]} Rxa1 {[%emt 0:00:02] Edmatuag resigns (Lag: Av=0.62s, max=0.7s)} 0-1

[Event "Stay Safe Play From Home 294"]
[Site "Emanuel Lasker Arena"]
[Date "2020.07.10"]
[Round "1"]
[White "Bishop91"]
[Black "Bellbox"]
[Result "1-0"]
[WhiteElo "1718"]
[BlackElo "1939"]
[Annotator "NA"]
[PlyCount "67"]
[EventDate "2020.07.10"]
[EventType "swiss (blitz)"]

1. c4 {[%emt 0:00:04]} f5 {[%emt 0:00:01]} 2. g3 {[%emt 0:00:01]} Nf6 {[%emt 0:00:01]} 3. Bg2 {[%emt 0:00:00]} g6 {[%emt 0:00:03]} 4. Nc3 {[%emt 0:00:00]} Bg7 {[%emt 0:00:01]} 5. d3 {[%emt 0:00:00]} O-O {[%emt 0:00:01]} 6. Nf3 {[%emt 0:00:00]} d6 {[%emt 0:00:01]} 7. O-O {[%emt 0:00:01]} c5 {[%emt 0:00:01]} 8. a3 {[%emt 0:00:09]} Nc6 {[%emt 0:00:01]} 9. Rb1 {[%emt 0:00:01]} a5 {[%emt 0:00:01]} 10. Nb5 {[%emt 0:00:02]} e5 {[%emt 0:00:05]} 11. Bg5 {[%emt 0:00:04]} h6 {[%emt 0:00:01]} 12. Bxf6 {[%emt 0:00:02]} Qxf6 {[%emt 0:00:01]} 13. e4 {[%emt 0:00:02]} f4 {[%emt 0:00:04]} 14. Nc3 {[%emt 0:00:05]} Qf7 {[%emt 0:00:09]} 15. Nb5 {[%emt 0:00:06]} Qe7 {[%emt 0:00:03]} 16. Nd2 {[%emt 0:00:12]} g5 {[%emt 0:00:16]} 17. h3 {[%emt 0:00:09]} Be6 {[%emt 0:00:08]} 18. g4 {[%emt 0:00:02]} h5 {[%emt 0:00:07]} 19. gxh5 {[%emt 0:00:06]} Nd4 {[%emt 0:00:21]} 20. Nxd4 {[%emt 0:00:05]} exd4 {[%emt 0:00:07]} 21. Kh2 {[%emt 0:00:01]} Rf6 {[%emt 0:00:12]} 22. Bf3 {[%emt 0:00:02]} Qd7 {[%emt 0:00:03]} 23. Bg4 {[%emt 0:00:02]} Rh6 {[%emt 0:00:02]} 24. Bxe6+ {[%emt 0:00:12]} Qxe6 {[%emt 0:00:02]} 25. Qg4 {[%emt 0:00:00]} Qf7 {[%emt 0:00:04]} 26. f3 {[%emt 0:00:05]} Rxh5 {[%emt 0:00:01]} 27. Rg1 {[%emt 0:00:04]} Bf6 {[%emt 0:00:01]} 28. b4 {[%emt 0:00:12]} axb4 {[%emt 0:00:03]} 29. axb4 {[%emt 0:00:01]} Ra2 {[%emt 0:00:01]} 30. Rg2 {[%emt 0:00:01]} Kh8 {[%emt 0:00:04]} 31. bxc5 {[%emt 0:00:02]} Rh4 {[%emt 0:00:05]} 32. Qc8+ {[%emt 0:00:04]} Kh7 {[%emt 0:00:02]} 33. Rxb7 {[%emt 0:00:02]} Be7 {[%emt 0:00:01]} 34. cxd6 {[%emt 0:00:09] Bellbox resigns (Lag: Av=0.68s, max=1.4s)} 1-0

[Event "Stay Safe Play From Home 294"]
[Site "Emanuel Lasker Arena"]
[Date "2020.07.10"]
[Round "1"]
[White "Timbre"]
[Black "Lucknow"]
[Result "0-1"]
[WhiteElo "1620"]
[BlackElo "1907"]
[PlyCount "168"]
[EventDate "2020.07.10"]
[EventType "swiss (blitz)"]

1. d4 {[%emt 0:00:03]} Nf6 {[%emt 0:00:03]} 2. Nf3 {[%emt 0:00:02]} e6 {[%emt 0:00:01]} 3. c3 {[%emt 0:00:01]} c5 {[%emt 0:00:02]} 4. Bg5 {[%emt 0:00:02]} Be7 {[%emt 0:00:01]} 5. Bxf6 {[%emt 0:00:03]} Bxf6 {[%emt 0:00:02]} 6. e3 {[%emt 0:00:01]} cxd4 {[%emt 0:00:04]} 7. exd4 {[%emt 0:00:03]} d5 {[%emt 0:00:03]} 8. Nbd2 {[%emt 0:00:01]} O-O {[%emt 0:00:02]} 9. Bd3 {[%emt 0:00:03]} Nd7 {[%emt 0:00:02]} 10. Qe2 {[%emt 0:00:03]} g6 {[%emt 0:00:02]} 11. O-O {[%emt 0:00:03]} Bg7 {[%emt 0:00:01]} 12. h3 {[%emt 0:00:03]} Nf6 {[%emt 0:00:01]} 13. Ne5 {[%emt 0:00:02]} a6 {[%emt 0:00:02]} 14. Ng4 {[%emt 0:00:03]} b5 {[%emt 0:00:04]} 15. Nxf6+ {[%emt 0:00:03]} Qxf6 {[%emt 0:00:02]} 16. a3 {[%emt 0:00:01]} Bb7 {[%emt 0:00:03]} 17. Nf3 {[%emt 0:00:01]} Rac8 {[%emt 0:00:07]} 18. Ne5 {[%emt 0:00:03]} Qe7 {[%emt 0:00:02]} 19. Ng4 {[%emt 0:00:04]} Qc7 {[%emt 0:00:04]} 20. Rfe1 {[%emt 0:00:03]} Rfe8 {[%emt 0:00:15]} 21. Qf3 {[%emt 0:00:04]} Qe7 {[%emt 0:00:05]} 22. Qg3 {[%emt 0:00:09]} h5 {[%emt 0:00:08]} 23. Ne5 {[%emt 0:00:02]} Bxe5 {[%emt 0:00:18]} 24. Qxe5 {[%emt 0:00:02]} Qc7 {[%emt 0:00:05]} 25. Qg5 {[%emt 0:00:04]} Qe7 {[%emt 0:00:02]} 26. Qe5 {[%emt 0:00:02]} Qc7 {[%emt 0:00:02]} 27. Qg5 {[%emt 0:00:02]} Kg7 {[%emt 0:00:01]} 28. Re3 {[%emt 0:00:03]} Qe7 {[%emt 0:00:03]} 29. Qe5+ {[%emt 0:00:04]} Qf6 {[%emt 0:00:01]} 30. Qg3 {[%emt 0:00:06]} e5 {[%emt 0:00:17]} 31. dxe5 {[%emt 0:00:10]} Qe7 {[%emt 0:00:03]} 32. Rae1 {[%emt 0:00:11]} Qe6 {[%emt 0:00:05]} 33. Qg5 {[%emt 0:00:08]} Rc7 {[%emt 0:00:04]} 34. Rg3 {[%emt 0:00:04]} Rg8 {[%emt 0:00:07]} 35. Qxh5 {[%emt 0:00:06]} Bc8 {[%emt 0:00:06]} 36. Qg5 {[%emt 0:00:07]} Rh8 {[%emt 0:00:02]} 37. Qf4 {[%emt 0:00:14]} Rh5 {[%emt 0:00:04]} 38. Rg5 {[%emt 0:00:05]} Rxg5 {[%emt 0:00:03]} 39. Qxg5 {[%emt 0:00:01]} Re7 {[%emt 0:00:00]} 40. h4 {[%emt 0:00:02]} Kf8 {[%emt 0:00:05]} 41. h5 {[%emt 0:00:06]} gxh5 {[%emt 0:00:02]} 42. Qxh5 {[%emt 0:00:03]} Ke8 {[%emt 0:00:01]} 43. f4 {[%emt 0:00:05]} Qg4 {[%emt 0:00:03]} 44. Qxg4 {[%emt 0:00:08]} Bxg4 {[%emt 0:00:01]} 45. f5 {[%emt 0:00:01]} Kf8 {[%emt 0:00:04]} 46. Bc2 {[%emt 0:00:13]} Rd7 {[%emt 0:00:04]} 47. Kf2 {[%emt 0:00:02]} d4 {[%emt 0:00:01]} 48. cxd4 {[%emt 0:00:02]} Rxd4 {[%emt 0:00:01]} 49. Kg3 {[%emt 0:00:10]} Bh5 {[%emt 0:00:06]} 50. e6 {[%emt 0:00:01]} fxe6 {[%emt 0:00:02]} 51. fxe6 {[%emt 0:00:02]} Ke7 {[%emt 0:00:01]} 52. Bf5 {[%emt 0:00:07]} Kf6 {[%emt 0:00:10]} 53. Bh3 {[%emt 0:00:02]} Rd3+ {[%emt 0:00:05]} 54. Kh2 {[%emt 0:00:04]} Rd2 {[%emt 0:00:05]} 55. e7 {[%emt 0:00:04]} Be8 {[%emt 0:00:02]} 56. Re6+ {[%emt 0:00:08]} Kf7 {[%emt 0:00:03]} 57. Rxa6 {[%emt 0:00:06]} Kxe7 {[%emt 0:00:02]} 58. Re6+ {[%emt 0:00:07]} Kf7 {[%emt 0:00:03]} 59. b4 {[%emt 0:00:08]} Rd3 {[%emt 0:00:10]} 60. Re4 {[%emt 0:00:03]} Rxa3 {[%emt 0:00:04]} 61. Rf4+ {[%emt 0:00:02]} Kg7 {[%emt 0:00:02]} 62. Rg4+ {[%emt 0:00:01]} Kf6 {[%emt 0:00:01]} 63. Rf4+ {[%emt 0:00:03]} Kg7 {[%emt 0:00:02]} 64. Rd4 {[%emt 0:00:02]} Ra2 {[%emt 0:00:06]} 65. Rg4+ {[%emt 0:00:02]} Kf6 {[%emt 0:00:01]} 66. Rf4+ {[%emt 0:00:01]} Ke5 {[%emt 0:00:04]} 67. Rf5+ {[%emt 0:00:02]} Kd4 {[%emt 0:00:02]} 68. Rf4+ {[%emt 0:00:02]} Kc3 {[%emt 0:00:02]} 69. Re4 {[%emt 0:00:04]} Bc6 {[%emt 0:00:02]} 70. Re6 {[%emt 0:00:03]} Bd5 {[%emt 0:00:05]} 71. Re5 {[%emt 0:00:04]} Bc4 {[%emt 0:00:03]} 72. Bd7 {[%emt 0:00:08]} Kxb4 {[%emt 0:00:02]} 73. Re3 {[%emt 0:00:06]} Kc5 {[%emt 0:00:02]} 74. Be6 {[%emt 0:00:09]} b4 {[%emt 0:00:08]} 75. Bxc4 {[%emt 0:00:02]} Kxc4 {[%emt 0:00:01]} 76. Re4+ {[%emt 0:00:05]} Kc3 {[%emt 0:00:01]} 77. Re3+ {[%emt 0:00:01]} Kd4 {[%emt 0:00:01]} 78. Rf3 {[%emt 0:00:03]} Ra3 {[%emt 0:00:03]} 79. Rf4+ {[%emt 0:00:04]} Kc3 {[%emt 0:00:02]} 80. Rf3+ {[%emt 0:00:01]} Kc2 {[%emt 0:00:01]} 81. Rf2+ {[%emt 0:00:02]} Kd3 {[%emt 0:00:02]} 82. Rf3+ {[%emt 0:00:02]} Ke2 {[%emt 0:00:01]} 83. Kg1 {[%emt 0:00:05]} Rxf3 {[%emt 0:00:07]} 84. gxf3 {[%emt 0:00:01] Timbre resigns (Lag: Av=0.37s, max=1.4s)} Kxf3 {[%emt 0:00:03]} 0-1

[Event "Stay Safe Play From Home 294"]
[Site "Emanuel Lasker Arena"]
[Date "2020.07.10"]
[Round "2"]
[White "Lazieri3"]
[Black "Haris kollari 13"]
[Result "1-0"]
[WhiteElo "2209"]
[BlackElo "1950"]
[Annotator "NA"]
[PlyCount "77"]
[EventDate "2020.07.10"]
[EventType "swiss (blitz)"]

1. e4 {[%emt 0:00:06]} e6 {[%emt 0:00:01]} 2. Nc3 {[%emt 0:00:02]} d5 {[%emt 0:00:01]} 3. Nf3 {[%emt 0:00:00]} d4 {[%emt 0:00:02]} 4. Ne2 {[%emt 0:00:01]} c5 {[%emt 0:00:01]} 5. d3 {[%emt 0:00:00]} Nc6 {[%emt 0:00:01]} 6. g3 {[%emt 0:00:01]} e5 {[%emt 0:00:01]} 7. Bg2 {[%emt 0:00:00]} Bg4 {[%emt 0:00:03]} 8. O-O {[%emt 0:00:00]} Qd7 {[%emt 0:00:01]} 9. Nh4 {[%emt 0:00:02]} f6 {[%emt 0:00:09]} 10. f3 {[%emt 0:00:04]} Bh3 {[%emt 0:00:01]} 11. Bxh3 {[%emt 0:00:01]} Qxh3 {[%emt 0:00:02]} 12. f4 {[%emt 0:00:04]} Bd6 {[%emt 0:00:06]} 13. fxe5 {[%emt 0:00:02]} Bxe5 {[%emt 0:00:05]} 14. Nf4 {[%emt 0:00:11]} Qd7 {[%emt 0:00:05]} 15. Qh5+ {[%emt 0:00:16]} Qf7 {[%emt 0:00:02]} 16. Nfg6 {[%emt 0:00:02]} hxg6 {[%emt 0:00:11]} 17. Qxh8 {[%emt 0:00:01]} O-O-O {[%emt 0:00:04]} 18. Nf3 {[%emt 0:00:04]} Nh6 {[%emt 0:00:17]} 19. Qh7 {[%emt 0:00:09]} Ng4 {[%emt 0:00:02]} 20. Qh3 {[%emt 0:00:04]} Qe6 {[%emt 0:00:04]} 21. Nxe5 {[%emt 0:00:16]} Ncxe5 {[%emt 0:00:02]} 22. Bf4 {[%emt 0:00:02]} Kb8 {[%emt 0:00:08]} 23. Bxe5+ {[%emt 0:00:04]} fxe5 {[%emt 0:00:01]} 24. b3 {[%emt 0:00:04]} Qd7 {[%emt 0:00:10]} 25. Rf3 {[%emt 0:00:13]} Ne3 {[%emt 0:00:03]} 26. Qxd7 {[%emt 0:00:05]} Rxd7 {[%emt 0:00:01]} 27. c4 {[%emt 0:00:12]} a6 {[%emt 0:00:10]} 28. Re1 {[%emt 0:00:04]} Ng4 {[%emt 0:00:06]} 29. Ref1 {[%emt 0:00:04]} Nf6 {[%emt 0:00:01]} 30. h3 {[%emt 0:00:06]} Rd6 {[%emt 0:00:04]} 31. Kg2 {[%emt 0:00:01]} b5 {[%emt 0:00:03]} 32. g4 {[%emt 0:00:03]} bxc4 {[%emt 0:00:10]} 33. bxc4 {[%emt 0:00:02]} Rb6 {[%emt 0:00:03]} 34. R1f2 {[%emt 0:00:01]} a5 {[%emt 0:00:06]} 35. g5 {[%emt 0:00:06]} Nh5 {[%emt 0:00:01]} 36. Rf7 {[%emt 0:00:01]} a4 {[%emt 0:00:03]} 37. Re7 {[%emt 0:00:07]} Nf4+ {[%emt 0:00:03]} 38. Kg3 {[%emt 0:00:05]} Nxd3 {[%emt 0:00:01]} 39. Rf8# {[%emt 0:00:02] (Lag: Av=0.52s, max=0.7s)} 1-0